Catalog

Record Details

Catalog Search



Available copies

  • 1 of 1 copy available at LARL/NWRL Consortium.

Current holds

0 current holds with 1 total copy.

Show All Copies
Location Call Number / Copy Notes Barcode Shelving Location Status Due Date
Crookston Public Library M ECC (Text) 33500012536082 Main Available -

Record details

  • ISBN: 9780727887207
  • ISBN: 0727887203
  • Physical Description: 236 pages ; 23 cm.
  • Edition: First world edition.
  • Publisher: Sutton, Surrey, England: Severn House, [2017]

Content descriptions

General Note:
"A 1930s' historical mystery"--Cover.
Summary, etc.:
1930. When a body is discovered on the premises of ... Read More
Subject: Murder > Investigation > Fiction.
Boarding schools > Fiction.
Genre: Detective and mystery fiction.
Mystery fiction.
LDR 02225cam a2200397Ii 4500
001260902
003LARL_NWRL_CONSORTIUM
00520170725174411.0
008170215t20172017enk 000 0 eng d
040 . ‡aYDX ‡beng ‡erda ‡cYDX ‡dOQX ‡dOCLCO ‡dOI6 ‡dOCLCO ‡dIUK
019 . ‡a973014306 ‡a973085390 ‡a973301169 ‡a973379315 ‡a973523653 ‡a973763940 ‡a973806734
020 . ‡a9780727887207 ‡q(hardcover)
020 . ‡a0727887203 ‡q(hardcover)
020 . ‡z9781780108957 ‡q(ebook)
035 . ‡a(OCoLC)972829371 ‡z(OCoLC)973014306 ‡z(OCoLC)973085390 ‡z(OCoLC)973301169 ‡z(OCoLC)973379315 ‡z(OCoLC)973523653 ‡z(OCoLC)973763940 ‡z(OCoLC)973806734
1001 . ‡aEccles, Marjorie, ‡eauthor. ‡0(LARL_NWRL_CONSORTIUM)92963
24514. ‡aThe property of lies. ‡n#4 / ‡cMarjorie Eccles.
250 . ‡aFirst world edition.
264 1. ‡aSutton, Surrey, England: ‡bSevern House, ‡c[2017]
264 4. ‡c©2017
300 . ‡a236 pages ; ‡c23 cm.
336 . ‡atext ‡btxt ‡2rdacontent
337 . ‡aunmediated ‡bn ‡2rdamedia
338 . ‡avolume ‡bnc ‡2rdacarrier
4900 . ‡aHerbert Reardon ; ‡v4
500 . ‡a"A 1930s' historical mystery"--Cover.
520 . ‡a1930. When a body is discovered on the premises of the newly-established Maxstead Court School for Girls, Detective Inspector Herbert Reardon is called in to investigate. His wife Ellen having just accepted a job as French teacher, Reardon is alarmed to find the school a hotbed of scandalous secrets, suppressed passions, petty jealousies and wanton schoolgirl cruelty. As he pursues his enquiries, it becomes clear that the dead woman was not who - or what - she claimed to be. Who was she really - and why is Reardon convinced that more than one member of staff is not telling him the whole truth? Then a pupil goes missing - and the case takes a disturbing new twist...
650 0. ‡aMurder ‡xInvestigation ‡vFiction. ‡0(LARL_NWRL_CONSORTIUM)166203
650 0. ‡aBoarding schools ‡vFiction. ‡0(LARL_NWRL_CONSORTIUM)163727
655 7. ‡aDetective and mystery fiction. ‡2lcgft
655 7. ‡aMystery fiction. ‡2gsafd
905 . ‡uvanderl
901 . ‡a260902 ‡b ‡c260902 ‡tbiblio ‡soclc

Additional Resources